The Song of Solomon: (Record no. 3699)

MARC details
000 -LEADER
fixed length control field 00547nam a2200193Ia 4500
003 - CONTROL NUMBER IDENTIFIER
control field GBCCL
005 - DATE AND TIME OF LATEST TRANSACTION
control field 20241126110501.0
008 - FIXED-LENGTH DATA ELEMENTS--GENERAL INFORMATION
fixed length control field 171205b xxu||||| |||| 00| 0 eng d
020 ## - INTERNATIONAL STANDARD BOOK NUMBER
International Standard Book Number 0-85111-839-9
040 ## - CATALOGING SOURCE
Transcribing agency gbc
082 ## - DEWEY DECIMAL CLASSIFICATION NUMBER
Classification number 221.7
Item number TYN
100 ## - MAIN ENTRY--PERSONAL NAME
Personal name Carr, G. Lloyd
9 (RLIN) 7329
245 ## - TITLE STATEMENT
Title The Song of Solomon:
Remainder of title An introduction and commentary /
Statement of responsibility, etc. G. Lloyd Carr
260 ## - PUBLICATION, DISTRIBUTION, ETC.
Name of publisher, distributor, etc. Inter-varsity Press,
Place of publication, distribution, etc. Leicester:
Date of publication, distribution, etc. 1985
300 ## - PHYSICAL DESCRIPTION
Extent 175p.;
Dimensions 18 cm.
440 ## - SERIES STATEMENT/ADDED ENTRY--TITLE
Title Tyndale Old Testament Commentaries
9 (RLIN) 7330
650 ## - SUBJECT ADDED ENTRY--TOPICAL TERM
Topical term or geographic name entry element Poem
9 (RLIN) 7331
942 ## - ADDED ENTRY ELEMENTS (KOHA)
Source of classification or shelving scheme Dewey Decimal Classification
Koha item type Books
Holdings
Withdrawn status Lost status Source of classification or shelving scheme Damaged status Not for loan Home library Current Library Shelving location Date acquired Total checkouts Full call number Barcode Date last seen Copy number Price effective from Koha item type
    Dewey Decimal Classification     GRACE BIBLE COLLEGE GRACE BIBLE COLLEGE Biblical Studies 2017-12-05   221.7 TYN 000966 2025-05-01 c.1 2017-12-05 Books
© Grace Bible College Library 2025